Loading...
| Literature - European Literature | 5 | 2 | 0 | 1 | 95 | 33 | 66.14 | 6 | 7 |
| Literature - British Literature | 3 | 4 | 0 | 1 | 85 | 45 | 77.29 | 4 | 7 |
| Philosophy | 1 | 5 | 1 | 0 | 60 | 50 | 98.67 | 4 | 6 |
| Social Science | 0 | 6 | 0 | 1 | 60 | 80 | 100.50 | 3 | 6 |
| Literature - American Literature | 3 | 2 | 2 | 1 | 55 | 27 | 75.60 | 4 | 5 |
| Literature - World Literature | 3 | 1 | 0 | 0 | 55 | 51 | 75.50 | 3 | 4 |
| Visual Arts | 3 | 2 | 3 | 0 | 50 | 56 | 72.40 | 4 | 5 |
| Fine Arts - Other Arts | 0 | 5 | 0 | 0 | 50 | 91 | 108.60 | 4 | 5 |
| Science - Biology | 0 | 4 | 0 | 2 | 40 | 69 | 104.00 | 1 | 4 |
| Science - Other Science | 0 | 4 | 0 | 2 | 40 | 68 | 109.00 | 2 | 4 |
| History - World History | 1 | 2 | 0 | 0 | 35 | 27 | 64.00 | 1 | 3 |
| Science - Physics | 0 | 3 | 0 | 3 | 30 | 125 | 131.67 | 2 | 3 |
| Beliefs | 2 | 1 | 2 | 0 | 30 | 67 | 89.00 | 2 | 3 |
| History - Other History | 0 | 2 | 0 | 0 | 20 | 105 | 117.50 | 2 | 2 |
| Science - Chemistry | 0 | 2 | 1 | 0 | 15 | 83 | 96.00 | 1 | 2 |
| History - American History | 0 | 1 | 0 | 0 | 10 | 85 | 85.00 | 1 | 1 |
| Current Events | 0 | 1 | 0 | 0 | 10 | 120 | 120.00 | 1 | 1 |
| History - Ancient History | 1 | 0 | 2 | 0 | 5 | 52 | 52.00 | 1 | 1 |
| Auditory Arts | 0 | 1 | 2 | 0 | 0 | 101 | 101.00 | 0 | 1 |